000 00913nam a2200253 i 4500
001 8413
003 KOSZ 005
005 20191207114324.0
008 071202s1966 pl a f 000 0 pol
015 _aPB 1966/9818
040 _aWA N
_cKOSZ 005/RW
_dKOSZ 005/RW
080 _a621.3(084)
100 1 _aZembrzuski, Jan
_eAutor
245 1 0 _aAtlas uzwojeń silników asynchronicznych (trójfazowych i jednofazowych) /
_cJan Zembrzuski.
250 _aWyd. 3 zmien.
260 _aWarszawa :
_bWydawnictwa Naukowo-Techniczne,
_c1966.
300 _a154, [1] s. :
_bil. ;
_c27 cm.
380 _aKsiążki.
500 _aDruk z klisz.
521 8 _aDla pracowników zakładów produkcyjnych i warsztatów naprawczych.
710 2 _aWydawnictwa Naukowo-Techniczne
_4pbl.
856 _uhttp://koha.tu.koszalin.pl/cgi-bin/koha/opac-detail.pl?biblionumber=8413
_yKatalog online BPK
942 _2UKD
_cKS
999 _c8413
_d8413